| 000 | 005290000a22002050004500 | ||
|---|---|---|---|
| 650 | _aEnglish education | ||
| 650 | _aGrammar | ||
| 650 | _aPhrase structure | ||
| 005 | 20120907085542.0 | ||
| 082 | _aCD2701 | ||
| 518 | _a2008-08-13 | ||
| 530 | _aCD | ||
| 100 | _aKhadka, Purna Bahadur | ||
| 245 | _aNoun phrase structure in English and Nepali; a comparative study | ||
| 260 | _aKathmandu, Nepal | ||
| 502 |
_aDissertation _bDegree in Education, Tribhuvan University |
||
| 260 | _c2006 | ||
| 041 | _aEng | ||
| 942 | _cGEN | ||
| 999 |
_c46055 _d46055 |
||